Some particular calculation procedures for disability annuities
Možnosť systematického modelovania zdravotného poistenia (invalidný dôchodok a paušálna čiastka). Nemocenské a zdravotné poistenie. Poistno-matematický model. Markov model. Pravdepodobnosť úmrtia.
Uložené v:
| Hlavný autor: | |
|---|---|
| Médium: | Kapitola |
| Jazyk: | English |
| Predmet: | |
| Tagy: |
Žiadne tagy, Buďte prvý, kto otaguje tento záznam!
|
MARC
| LEADER | 00000naa a2200000 4500 | ||
|---|---|---|---|
| 001 | 0161638 | ||
| 005 | 20240502072813.9 | ||
| 041 | 0 | |a eng | |
| 044 | |a SK | ||
| 245 | 1 | 0 | |a Some particular calculation procedures for disability annuities |c Lea Škrovánková |
| 520 | |a Možnosť systematického modelovania zdravotného poistenia (invalidný dôchodok a paušálna čiastka). Nemocenské a zdravotné poistenie. Poistno-matematický model. Markov model. Pravdepodobnosť úmrtia. | ||
| 610 | 2 | 0 | |a poistenie nemocenské |
| 610 | 2 | 0 | |a poistenie zdravotné |
| 610 | 2 | 0 | |a modely |
| 610 | 2 | 0 | |a modelovanie |
| 610 | 2 | 0 | |a rovnice diferenciálne |
| 610 | 2 | 0 | |a úmrtnosť |
| 100 | 1 | |a Škrovánková, Lea, 1954- | |